articles droit de la famille - Statistiques

Statistiques générales
  • Ce quiz a été pris 91 fois
  • Le résultat moyen est 7 sur 26
Statistiques - réponses
Hint Réponse % Correct
devoirs mutuels des époux 212
54%
divorce pour faute 242
49%
le mariage est contracté par 2 personnes de sexe différent ou de même sexe 143
46%
il n’y a point de mariage s’il n’y a point de consentement 146
46%
divorce par acceptation du principe de la rupture du mariage 233
40%
interdiction du mariage entre ascendants et descendants (quel que soit le degré) 161
37%
la solidarité entre époux (pour les contrats) 220
37%
délai de 4 ans pour obtenir la nationalité par le mariage 21-2
34%
procédure de la célébration du mariage 75
34%
on ne peut contracter un second mariage avant la dissolution du premier 147
31%
interdiction du mariage en ligne collatérale jusqu'au 2e degré 162
29%
divorce pour altération définitive du lien conjugual 237
26%
le mariage putatif produit ses effets (!! bonne foi) 201
23%
règles relatives au divorce extrajudiciaire 229 et suivant
23%
si une demande pour altération définitive du lien conjugal et une demande pour faute -> d'abord, la demande pour faute 246
20%
information à la personne chargée du majeur protégé de son mariage 460
20%
contribution du mariage proportionnelle à son revenu 214
17%
date d'opposabilité du divorce au tiers 262
17%
autorité parentale 371-1
17%
direction morale et matérielle de la famille + éducation des enfants 213
14%
communauté de vie 215 alinéa 1
11%
liberté de la profession des époux + gains et salaires servent aux charges du mariage 223
11%
incompétence de l'OEC provoque la nullité du mariage 191
6%
cas de dissolution du mariage 227
6%
choix de la résidence de la famille + sa protection 215 alinéa 2 et 3
3%
autorisation parentale 148
0%
Aucun quiz correspondant
Distribution des résultats
% des personnes avec chaque résultat
Percentile par nombre de réponses
Votre historique - résultats
Vous n’avez pas pris ce quiz